000 00504nam a2200181Ia 4500
005 20250508163934.0
008 008 250505s9999 xx 000 0 eng d
037 _aTextual
040 _aFEDL
_beng
_cFEDL
041 _aeng
_2eng
084 _a808, GEE
_qFEDL
100 _aDharmarajan Geeta
245 0 _aSecrets of Kalindi: A jigsaw puzzle adventure
260 _aNew Delhi, India
_bKatha Publication
_c1996
300 _a80p
942 _cTEXL
_h808, GEE
999 _c1386184
_d1386184